JetPunk will be down very briefly at 3:00PM EST (12:00PM PST, 8:00PM GST)

Statistics for Top 10 South African PL appearance makers

Click here to take the quiz!

General Stats

  • This quiz has been taken 26 times
  • The average score is 4 of 10

Answer Stats

AppsAnswer% Correct
120McCarthy
83%
197Radebe
71%
214Pienaar
67%
82Fortune
63%
124Fish
42%
124Mokoena
25%
123Bartlett
21%
31Masinga
21%
25Tinkler
4%
39Didgacoi
0%

Score Distribution

Percentile by Number Answered

Percent of People with Each Score

Your Score History

You have not taken this quiz